Trang trí &Xử lý ảnh trong Winword

Sparad:
Bibliografiska uppgifter
Huvudupphovsman: Đại học Kỹ Thuật Đà Nẵng
Materialtyp: Bok
Språk:Vietnamese
Publicerad: Sunshine 2002
Taggar: Lägg till en tagg
Inga taggar, Lägg till första taggen!
Thư viện lưu trữ: Mạng thư viện Đại học Đà Nẵng
LEADER 00644nam a2200277 4500
001 000025482
003 1057
005 20150325120000.0
008 150325s vm 000 vie
020 |c 0,0000 
040 |a D2 
100 |a Đại học Kỹ Thuật Đà Nẵng 
245 |a Trang trí &Xử lý ảnh trong Winword 
260 |b Sunshine  |c 2002 
300 |a 151tr. ; 
OWN |a LTT 
999 |a From the UDN01 
TYP |a Monograph 
TYP |a Printed language 
980 |a Mạng thư viện Đại học Đà Nẵng